UITU Library & LRC     

Developing winning strategic plans (Record no. 18612)

MARC details
000 -LEADER
fixed length control field 00297nam a2200121Ia 4500
008 - FIXED-LENGTH DATA ELEMENTS--GENERAL INFORMATION
fixed length control field 241002s9999 xx 000 0 und d
082 ## - DEWEY DECIMAL CLASSIFICATION NUMBER
Classification number 658.4012 TAY
100 ## - MAIN ENTRY--PERSONAL NAME
Personal name Taylor, James K
245 #0 - TITLE STATEMENT
Title Developing winning strategic plans
260 ## - PUBLICATION, DISTRIBUTION, ETC.
Place of publication, distribution, etc. N/A
Date of publication, distribution, etc. 1995
600 ## - SUBJECT ADDED ENTRY--PERSONAL NAME
Personal name Applied Science
942 ## - ADDED ENTRY ELEMENTS (KOHA)
Koha item type Usman Collection
Holdings
Withdrawn status Lost status Damaged status Not for loan Home library Current library Date acquired Total checkouts Full call number Barcode Date last seen Price effective from Koha item type
        UITU Library UITU Library 01/01/1994   658.4012 TAY UC285 10/02/2024 10/02/2024 Usman Collection

Powered by Koha